Von Touristen am häufigsten besuchte Länder - Statistiken

Allgemein
  • Dieses Quiz wurde 144 mal gespielt
  • Das Durchschnittsergebnis liegt bei 19 aus 24
Antwortstatistiken
# Ankünfte Land % Korrekt
82.8 m Spanien
98%
79.6 m Vereinigte Staaten
98%
62.9 m China
97%
38.9 m Deutschland
97%
62.1 m Italien
97%
89.4 m Frankreich
96%
31.1 m Japan
94%
21.1 m Kanada
90%
45.8 m Türkei
87%
24.6 m Russland
85%
30.1 m Griechenland
84%
36.3 m Vereinigtes Königreich
84%
30.8 m Österreich
82%
19.6 m Polen
82%
17.4 m Indien
80%
41.4 m Mexiko
80%
19.0 m Niederlande
80%
22.8 m Portugal
80%
38.3 m Thailand
76%
16.6 m Kroatien
63%
15.5 m Vietnam
53%
17.1 m Ungarn
46%
15.9 m Vereinigte Arabische Emirate
42%
25.8 m Malaysia
34%
Keine übereinstimmenden Quizze gefunden
Verteilung der Resultate
Anzahl Personen mit jedem Resultat
Perzentil nach korrekt beantworteten Fragen
Ihre Resultats-Entwicklung
Sie haben dieses Quiz noch nicht gespielt